[Event "FRA-ch op-B"]
[Site "L'Alpe d'Huez"]
[Date "2023.08.23"]
[Round "5"]
[White "Grataloup, Quentin"]
[Black "Orfila, Kristofer"]
[Result "1-0"]
[WhiteElo "1989"]
[BlackElo "1853"]
[PlyCount "41"]
[EventDate "2023.08.19"]
[EventType "swiss"]
[EventRounds "9"]
[EventCountry "FRA"]
[SourceTitle "EXT 2024"]
[Source "ChessBase"]
[SourceDate "2023.10.10"]
[SourceVersion "1"]
[SourceVersionDate "2023.10.10"]
[SourceQuality "1"]

1. e4 c5 2. d4 cxd4 3. c3 dxc3 4. Nxc3 Nc6 5. Nf3 e6 6. Bc4 a6 7. 0-0 Nge7 8. Bg5 h6 9. Be3 Ng6 10. Bb3 b5 11. Nd5 exd5 12. exd5 Bb7 13. dxc6 Bxc6 14. Nd4 Be7 15. Nxc6 dxc6 16. Qh5 Qc7 17. Rfe1 Kf8 18. Qf5 Bd6 19. Rad1 Rd8 20. Bc5 Nh4 21. Qf4 1-0

[Event "EU Union-ch U14"]
[Site "Pec pod Snezkou"]
[Date "2022.08.30"]
[Round "9"]
[White "Orfila, Kristofer"]
[Black "Sigut, Ondrej"]
[Result "1-0"]
[WhiteElo "1723"]
[BlackElo "1495"]
[PlyCount "51"]
[EventDate "2022.08.22"]
[EventType "swiss"]
[EventRounds "9"]
[EventCountry "CZE"]
[SourceTitle "EXT 2023"]
[Source "ChessBase"]
[SourceDate "2022.10.05"]
[SourceVersion "1"]
[SourceVersionDate "2022.10.05"]
[SourceQuality "1"]

1. d4 Nf6 2. c4 g6 3. Nc3 d5 4. cxd5 Nxd5 5. e4 Nxc3 6. bxc3 Bg7 7. Bc4 c5 8. Ne2 Nc6 9. Be3 0-0 10. Rc1 cxd4 11. cxd4 Qa5+ 12. Rc3 Rd8 13. Qd2 Bxd4 14. Nxd4 Nxd4 15. Bxd4 Be6 16. Bxe6 fxe6 17. Rd3 Qb5 18. 0-0 e5 19. Rh3 exd4 20. Qh6 Kf7 21. Qxh7+ Ke6 22. Qxg6+ Kd7 23. Qg4+ e6 24. Qg7+ Kc8 25. Rc1+ Kb8 26. Qc7# 1-0